书目信息 |
| 题名: |
显影
|
|
| 作者: | 雅各布逊 著 ;梁江 译 | |
| 分册: | ||
| 出版信息: | 北京 中国电影出版社 1983.10 |
|
| 页数: | 338页 | |
| 开本: | 20cm | |
| 丛书名: | ||
| 单 册: | ||
| 中图分类: | TB812 | |
| 科图分类: | ||
| 主题词: | 摄影--理论 | |
| 电子资源: | ||
| ISBN: | ||
| 000 | 00583nam0 2200193 45 | |
| 001 | 0312221749 | |
| 005 | 20060421100548.84 | |
| 010 | @dCNY2.10 | |
| 100 | @a20031222d1983 km y0chiy0120 ea | |
| 101 | @achi | |
| 200 | 1 | @a显影@AXian Ying@f(英)席·爱·雅各布逊等著@F(ying)xi·ai·ya ge bu xun deng zhu@g梁江译@Gliang jiang yi |
| 210 | @a北京@c中国电影出版社@d1983.10 | |
| 215 | @a338页@d20cm | |
| 606 | 0 | @a摄影@x理论 |
| 690 | @aTB812@v3 | |
| 701 | 0 | @a雅各布逊@Aya ge bu xun@4著 |
| 702 | 0 | @a梁江@Aliang jiang@4译 |
| 801 | @aCN@bTSTCL@c20060421 | |
| 905 | @a213230@dTB812@e48@b108884@f1 | |
| 显影/(英)席·爱·雅各布逊等著/梁江译.-北京:中国电影出版社,1983.10 |
| 338页;20cm |
| ISBN :CNY2.10 |
| ● |
| 相关链接 |
|
|
|
|
正题名:显影
索取号:TB812/48
 
预约/预借
| 序号 | 登录号 | 条形码 | 馆藏地/架位号 | 状态 | 备注 |
| 1 | 0108883 | 202245971 | 密集书库/ [索取号:TB812/48] | 在馆 | |
| 2 | 0108884 | 001360654 | 第二样本阅览室/ [索取号:TB812/48] | 在馆 |